La tasa de interés en el resarcimiento de los daños cuando se cuantificó la deuda de valor, conforme con el art. 772 del Código Civil y Comercial / (Registro nro. 5268)
[ vista simple ]
| 000 -LEADER | |
|---|---|
| fixed length control field | 01569nab a22002777a 4500 |
| 003 - CONTROL NUMBER IDENTIFIER | |
| control field | OSt |
| 005 - DATE AND TIME OF LATEST TRANSACTION | |
| control field | 20250210101648.0 |
| 008 - FIXED-LENGTH DATA ELEMENTS--GENERAL INFORMATION | |
| fixed length control field | 190603e xxum|||| |||| 00| 0 spa d |
| 040 ## - CATALOGING SOURCE | |
| Transcribing agency | PJ |
| 100 ## - MAIN ENTRY--PERSONAL NAME | |
| Personal name | Alferillo, Pascual E. |
| 9 (RLIN) | 6323 |
| 245 13 - TITLE STATEMENT | |
| Title | La tasa de interés en el resarcimiento de los daños cuando se cuantificó la deuda de valor, conforme con el art. 772 del Código Civil y Comercial / |
| Statement of responsibility, etc | Pascual E. Alferillo. |
| 260 ## - PUBLICATION, DISTRIBUTION, ETC. (IMPRINT) | |
| Date of publication, distribution, etc | Ciudad Autónoma de Buenos Aires : |
| Place of publication, distribution, etc | Thomson Reuters La Ley, |
| Name of publisher, distributor, etc | 2025. |
| 300 ## - PHYSICAL DESCRIPTION | |
| Extent | p. 282-294. |
| 500 ## - GENERAL NOTE | |
| General note | Cita Online: TR LALEY AR/DOC/43/2025.<br/>Publicado en: RCCyC 2025 (febrero) , 282. |
| 505 ## - FORMATTED CONTENTS NOTE | |
| Formatted contents note | Sumario: I. Introducción.— II. Las directrices del fallo "Barrientos".— III. Reflexiones sobre los principios constitucionales y convencionales convergentes en la justa resolución de un pleito por resarcimiento de daños.— IV. Reflexiones conclusivas.<br/> |
| 505 ## - FORMATTED CONTENTS NOTE | |
| Formatted contents note | Fallo Comentado: CS ~ 15/10/2024 ~ Barrientos, Gabriela Alexandra y otros c. Ocorso, Damián y otros s/daños y perjuicios (acc. trán. c. les. o muerte). |
| 505 ## - FORMATTED CONTENTS NOTE | |
| Title | ¿Te interesa el texto completo? Solicitalo al correo: koha@justierradelfuego.gov.ar |
| 650 #0 - SUBJECT ADDED ENTRY--TOPICAL TERM | |
| 9 (RLIN) | 1467 |
| Topical term or geographic name as entry element | RESPONSABILIDAD CIVIL |
| 650 #0 - SUBJECT ADDED ENTRY--TOPICAL TERM | |
| 9 (RLIN) | 2823 |
| Topical term or geographic name as entry element | DAÑOS Y PERJUICIOS |
| 650 #0 - SUBJECT ADDED ENTRY--TOPICAL TERM | |
| 9 (RLIN) | 1382 |
| Topical term or geographic name as entry element | INDEMNIZACION |
| 650 #0 - SUBJECT ADDED ENTRY--TOPICAL TERM | |
| 9 (RLIN) | 4077 |
| Topical term or geographic name as entry element | REPARACION INTEGRAL |
| 650 #0 - SUBJECT ADDED ENTRY--TOPICAL TERM | |
| 9 (RLIN) | 533 |
| Topical term or geographic name as entry element | INTERESES |
| 653 ## - INDEX TERM--UNCONTROLLED | |
| Uncontrolled term | PROCESO SUCESORIO |
| 773 0# - HOST ITEM ENTRY | |
| Host Biblionumber | 2713 |
| Host Itemnumber | 3170 |
| Place, publisher, and date of publication | Ciudad Autónoma de Buenos Aires : Thomson Reuters La Ley, 2015- |
| Title | Revista Código Civil y Comercial. Nº 1 - Febrero 2025 |
| 942 ## - ADDED ENTRY ELEMENTS (KOHA) | |
| Source of classification or shelving scheme | |
| Koha item type | Analítica Artículo de Revista |
No hay ítems disponibles.
